Stolice państw graniczących z Austrią - Statystyki

Ogólne statystyki
  • Ten quiz został rozwiązany 18 razy
  • Średni wynik to 7 z 8
Statystyki odpowiedzi
Odpowiedź % Poprawnych
Berlin
100%
Praga
100%
Budapeszt
94%
Rzym
94%
Bratysława
88%
Berno
69%
Lublana
69%
Vaduz
56%
Nie znaleziono quizów pasujących do podanych kryteriów
Rozkład punktacji
Procent ludzi z każdym wynikiem
Percentyl według liczby udzielonych odpowiedzi
Twoja historia wyników
Nie rozwiązałeś tego quizu